<?xml version="1.0" encoding="UTF-8"?>
<record
    xmlns:xsi="http://www.w3.org/2001/XMLSchema-instance"
    xsi:schemaLocation="http://www.loc.gov/MARC21/slim http://www.loc.gov/standards/marcxml/schema/MARC21slim.xsd"
    xmlns="http://www.loc.gov/MARC21/slim">

  <leader>01267nas a2200217 i 4500</leader>
  <controlfield tag="001">768714001</controlfield>
  <controlfield tag="003">CO-MdFUSB</controlfield>
  <controlfield tag="005">20240826073031.0</controlfield>
  <controlfield tag="008">220907s1988    ck ||||| |||| 00| 0 spa d</controlfield>
  <datafield tag="040" ind1=" " ind2=" ">
    <subfield code="b">spa</subfield>
    <subfield code="c">CO-MdFUSB</subfield>
    <subfield code="d">CO-MdFUSB</subfield>
  </datafield>
  <datafield tag="041" ind1=" " ind2=" ">
    <subfield code="a">spa</subfield>
  </datafield>
  <datafield tag="100" ind1=" " ind2=" ">
    <subfield code="a">Galvis, Martha, </subfield>
    <subfield code="e">autor</subfield>
  </datafield>
  <datafield tag="245" ind1="1" ind2="4">
    <subfield code="a">Los Guajiros :</subfield>
    <subfield code="b">una comunidad que pierde su identidad?</subfield>
    <subfield code="c">/ Marha Galvis , Lina Mora</subfield>
  </datafield>
  <datafield tag="300" ind1=" " ind2=" ">
    <subfield code="a">Volumen 65, (enero, 1988) p&#xE1;ginas: 9 - 68</subfield>
    <subfield code="c">; 23 cm</subfield>
  </datafield>
  <datafield tag="520" ind1=" " ind2=" ">
    <subfield code="a">El siguiente art&#xED;culo estudia aspectos de la comunidad Guajira.  Se analiza de esta comunidad, sus pr&#xE1;cticas culturales, los valores que orientan su acci&#xF3;n y las particulares condiciones de su estilo de vida.  Los temas son:
Cap&#xED;tulo I Marco geogr&#xE1;fico -- Capitulo II Historia -- Capitulo III Econom&#xED;a -- Capitulo IV Organizaci&#xF3;n social -- Cap&#xED;tulo V Creencias y practicas m&#xE1;gico religiosas -- Cap&#xED;tulo VI Leyes guajiras -- capitulo VII Cocina, vestido e instrumental guajiro -- Capitulo VIII Mitolog&#xED;a.</subfield>
  </datafield>
  <datafield tag="650" ind1=" " ind2="7">
    <subfield code="9">6714</subfield>
    <subfield code="a">Antropolog&#xED;a cultural y social</subfield>
  </datafield>
  <datafield tag="700" ind1=" " ind2=" ">
    <subfield code="a">Mora, Lina, </subfield>
    <subfield code="e">autor</subfield>
  </datafield>
  <datafield tag="773" ind1="0" ind2=" ">
    <subfield code="0">49438</subfield>
    <subfield code="9">60122</subfield>
    <subfield code="d">Centro Antropol&#xF3;gico Colombiano</subfield>
    <subfield code="o">R0368</subfield>
    <subfield code="t">Ethnia</subfield>
    <subfield code="w">(CO-MdFUSB)768714001</subfield>
    <subfield code="g">Volumen 65, (enero, 1988) p&#xE1;ginas: 9 - 68</subfield>
    <subfield code="q">p&#xE1;gina: 9</subfield>
  </datafield>
  <datafield tag="942" ind1=" " ind2=" ">
    <subfield code="c">ANA</subfield>
  </datafield>
  <datafield tag="945" ind1=" " ind2=" ">
    <subfield code="a">AF</subfield>
  </datafield>
  <datafield tag="999" ind1=" " ind2=" ">
    <subfield code="c">68120</subfield>
    <subfield code="d">68120</subfield>
  </datafield>
</record>
